| 000 | 00415nam a2200157Ia 4500 | ||
|---|---|---|---|
| 008 | 230917s9999||||xx |||||||||||||| ||und|| | ||
| 040 |
_e158050 _aMAIN |
||
| 041 | _aEnglish | ||
| 082 | _a658.3 R18P(4) | ||
| 100 | _aRao, P Subha | ||
| 245 | 0 | _aPersonnel and Human Resource Management: Text and Cases | |
| 250 | _a4th ed. | ||
| 260 |
_aMumbai _bHimalya Publishing House _c2009 |
||
| 300 | _a476 p. | ||
| 942 | _cBK | ||
| 999 |
_c155252 _d155252 |
||